Countries with the Most Protestant Christians - Statistics

General Stats
  • This quiz has been taken 189 times
  • The average score is 7 of 10
Answer Stats
Hint Answer % Correct
160,000,000 United States
99%
34,000,000 United Kingdom
94%
29,000,000 Germany
88%
37,000,000 South Africa
69%
60,000,000 Nigeria
66%
41,000,000 Brazil
64%
58,000,000 China
64%
19,000,000 India
63%
32,000,000 Democratic Republic of the Congo
51%
24,000,000 Kenya
40%
No matching quizzes found
Score Distribution
Percent of People with Each Score
Percentile by Number Answered
Your Score History
You have not taken this quiz